<?xml version="1.0" encoding="UTF-8"?>
<record
    xmlns:xsi="http://www.w3.org/2001/XMLSchema-instance"
    xsi:schemaLocation="http://www.loc.gov/MARC21/slim http://www.loc.gov/standards/marcxml/schema/MARC21slim.xsd"
    xmlns="http://www.loc.gov/MARC21/slim">

  <leader>01451nam a2200217Ia 4500</leader>
  <datafield tag="999" ind1=" " ind2=" ">
    <subfield code="c">43713</subfield>
    <subfield code="d">43713</subfield>
  </datafield>
  <controlfield tag="001">10454</controlfield>
  <controlfield tag="003">GE_BSU</controlfield>
  <controlfield tag="005">20221219125037.0</controlfield>
  <controlfield tag="008">181216s1984ge  xx |||||||||||||| ||geo||</controlfield>
  <datafield tag="040" ind1=" " ind2=" ">
    <subfield code="c">GE_BSU</subfield>
  </datafield>
  <datafield tag="041" ind1=" " ind2=" ">
    <subfield code="a">geo</subfield>
  </datafield>
  <datafield tag="080" ind1=" " ind2=" ">
    <subfield code="a">821.353.1&#x2013;3+821.353.1&#x2013;391+821.353.1&#x2013;32 &#x10E5;-27</subfield>
  </datafield>
  <datafield tag="245" ind1=" " ind2=" ">
    <subfield code="a">&#x10E5;&#x10D0;&#x10E0;&#x10D7;&#x10E3;&#x10DA;&#x10D8; &#x10DE;&#x10E0;&#x10DD;&#x10D6;&#x10D0;:&#x10EC;.7:&#x10D0;&#x10DA;&#x10D4;&#x10E5;&#x10E1;&#x10D0;&#x10DC;&#x10D3;&#x10E0;&#x10D4; &#x10DD;&#x10E0;&#x10D1;&#x10D4;&#x10DA;&#x10D8;&#x10D0;&#x10DC;&#x10D8;,&#x10D2;&#x10E0;&#x10D8;&#x10D2;&#x10DD;&#x10DA; &#x10E0;&#x10E9;&#x10D4;&#x10E3;&#x10DA;&#x10D8;&#x10E8;&#x10D5;&#x10D8;&#x10DA;&#x10D8;,&#x10DA;&#x10D0;&#x10D5;&#x10E0;&#x10D4;&#x10DC;&#x10E2;&#x10D8; &#x10D0;&#x10E0;&#x10D3;&#x10D0;&#x10D6;&#x10D8;&#x10D0;&#x10DC;&#x10D8;,&#x10D3;&#x10D0;&#x10DC;&#x10D8;&#x10D4;&#x10DA; &#x10ED;&#x10DD;&#x10DC;&#x10E5;&#x10D0;&#x10EB;&#x10D4;,&#x10D0;&#x10DC;&#x10E2;&#x10DD;&#x10DC; &#x10E4;&#x10E3;&#x10E0;&#x10EA;&#x10D4;&#x10DA;&#x10D0;&#x10EB;&#x10D4;  /</subfield>
    <subfield code="c">&#x10E8;&#x10D4;&#x10DB;&#x10D3;&#x10D2;: &#x10D2;. &#x10D2;&#x10D5;&#x10D4;&#x10E0;&#x10D3;&#x10EC;&#x10D8;&#x10D7;&#x10D4;&#x10DA;&#x10D8;, &#x10DC;.&#x10D4;&#x10D1;&#x10E0;&#x10D0;&#x10DA;&#x10D8;&#x10EB;&#x10D4;, &#x10E0;.&#x10D7;&#x10D5;&#x10D0;&#x10E0;&#x10D0;&#x10EB;&#x10D4;</subfield>
  </datafield>
  <datafield tag="264" ind1=" " ind2=" ">
    <subfield code="a">&#x10D7;&#x10D1;&#x10D8;&#x10DA;&#x10D8;&#x10E1;&#x10D8; :</subfield>
    <subfield code="b">&#x10E1;&#x10D0;&#x10D1;&#x10ED;&#x10DD;&#x10D7;&#x10D0; &#x10E1;&#x10D0;&#x10E5;&#x10D0;&#x10E0;&#x10D7;&#x10D5;&#x10D4;&#x10DA;&#x10DD;,</subfield>
    <subfield code="c">1984.</subfield>
  </datafield>
  <datafield tag="300" ind1=" " ind2=" ">
    <subfield code="a">718 &#x10D2;&#x10D5;;</subfield>
    <subfield code="b">20 &#x10E1;&#x10DB;.</subfield>
  </datafield>
  <datafield tag="653" ind1=" " ind2=" ">
    <subfield code="a">&#x10E5;&#x10D0;&#x10E0;&#x10D7;&#x10E3;&#x10DA;&#x10D8; &#x10DE;&#x10E0;&#x10DD;&#x10D6;&#x10D0;:&#x10EC;.7:&#x10D0;&#x10DA;&#x10D4;&#x10E5;&#x10E1;&#x10D0;&#x10DC;&#x10D3;&#x10E0;&#x10D4; &#x10DD;&#x10E0;&#x10D1;&#x10D4;&#x10DA;&#x10D8;&#x10D0;&#x10DC;&#x10D8;,&#x10D2;&#x10E0;&#x10D8;&#x10D2;&#x10DD;&#x10DA; &#x10E0;&#x10E9;&#x10D4;&#x10E3;&#x10DA;&#x10D8;&#x10E8;&#x10D5;&#x10D8;&#x10DA;&#x10D8;,&#x10DA;&#x10D0;&#x10D5;&#x10E0;&#x10D4;&#x10DC;&#x10E2;&#x10D8; &#x10D0;&#x10E0;&#x10D3;&#x10D0;&#x10D6;&#x10D8;&#x10D0;&#x10DC;&#x10D8;,&#x10D3;&#x10D0;&#x10DC;&#x10D8;&#x10D4;&#x10DA; &#x10ED;&#x10DD;&#x10DC;&#x10E5;&#x10D0;&#x10EB;&#x10D4;,&#x10D0;&#x10DC;&#x10E2;&#x10DD;&#x10DC; &#x10E4;&#x10E3;&#x10E0;&#x10EA;&#x10D4;&#x10DA;&#x10D0;&#x10EB;&#x10D4;</subfield>
  </datafield>
  <datafield tag="700" ind1=" " ind2=" ">
    <subfield code="a">&#x10D2;&#x10D5;&#x10D4;&#x10E0;&#x10D3;&#x10EC;&#x10D8;&#x10D7;&#x10D4;&#x10DA;&#x10D8;, &#x10D2;</subfield>
    <subfield code="e">&#x10E8;&#x10D4;&#x10DB;&#x10D3;&#x10D2;&#x10D4;&#x10DC;&#x10D4;&#x10DA;&#x10D8;</subfield>
    <subfield code="9">16481</subfield>
  </datafield>
  <datafield tag="700" ind1=" " ind2=" ">
    <subfield code="a">&#x10D4;&#x10D1;&#x10E0;&#x10D0;&#x10DA;&#x10D8;&#x10EB;&#x10D4;,  &#x10DC; </subfield>
    <subfield code="e">&#x10E8;&#x10D4;&#x10DB;&#x10D3;&#x10D2;&#x10D4;&#x10DC;&#x10D4;&#x10DA;&#x10D8;</subfield>
    <subfield code="9">16465</subfield>
  </datafield>
  <datafield tag="700" ind1=" " ind2=" ">
    <subfield code="a">&#x10D7;&#x10D5;&#x10D0;&#x10E0;&#x10D0;&#x10EB;&#x10D4;, &#x10E0;</subfield>
    <subfield code="e">&#x10E8;&#x10D4;&#x10DB;&#x10D3;&#x10D2;&#x10D4;&#x10DC;&#x10D4;&#x10DA;&#x10D8;</subfield>
    <subfield code="9">14595</subfield>
  </datafield>
  <datafield tag="942" ind1=" " ind2=" ">
    <subfield code="c">BK</subfield>
    <subfield code="2">udc</subfield>
  </datafield>
  <datafield tag="952" ind1=" " ind2=" ">
    <subfield code="0">0</subfield>
    <subfield code="1">0</subfield>
    <subfield code="2">udc</subfield>
    <subfield code="4">0</subfield>
    <subfield code="6">821353138213531391821353132_&#x10E5;27</subfield>
    <subfield code="7">0</subfield>
    <subfield code="9">55387</subfield>
    <subfield code="a">CPL</subfield>
    <subfield code="b">CPL</subfield>
    <subfield code="c">GEN</subfield>
    <subfield code="d">2018-12-17</subfield>
    <subfield code="o">821.353.1&#x2013;3+821.353.1&#x2013;391+821.353.1&#x2013;32 &#x10E5;-27</subfield>
    <subfield code="p">34226</subfield>
    <subfield code="r">2018-12-17</subfield>
    <subfield code="t">34226</subfield>
    <subfield code="w">2018-12-17</subfield>
    <subfield code="y">BK</subfield>
  </datafield>
  <datafield tag="952" ind1=" " ind2=" ">
    <subfield code="0">0</subfield>
    <subfield code="1">0</subfield>
    <subfield code="2">udc</subfield>
    <subfield code="4">0</subfield>
    <subfield code="6">821353138213531391821353132_&#x10E5;27</subfield>
    <subfield code="7">0</subfield>
    <subfield code="9">55388</subfield>
    <subfield code="a">CPL</subfield>
    <subfield code="b">CPL</subfield>
    <subfield code="c">GEN</subfield>
    <subfield code="d">2018-12-17</subfield>
    <subfield code="o">821.353.1&#x2013;3+821.353.1&#x2013;391+821.353.1&#x2013;32 &#x10E5;-27</subfield>
    <subfield code="p">34227</subfield>
    <subfield code="r">2018-12-17</subfield>
    <subfield code="t">34227</subfield>
    <subfield code="w">2018-12-17</subfield>
    <subfield code="y">BK</subfield>
  </datafield>
  <datafield tag="952" ind1=" " ind2=" ">
    <subfield code="0">0</subfield>
    <subfield code="1">0</subfield>
    <subfield code="2">udc</subfield>
    <subfield code="4">0</subfield>
    <subfield code="6">821353138213531391821353132_&#x10E5;27</subfield>
    <subfield code="7">0</subfield>
    <subfield code="9">93251</subfield>
    <subfield code="a">CPL</subfield>
    <subfield code="b">CPL</subfield>
    <subfield code="c">GEN</subfield>
    <subfield code="d">2022-12-19</subfield>
    <subfield code="g">10.00</subfield>
    <subfield code="o">821.353.1&#x2013;3+821.353.1&#x2013;391+821.353.1&#x2013;32 &#x10E5;-27</subfield>
    <subfield code="p">63340</subfield>
    <subfield code="r">2022-12-19</subfield>
    <subfield code="t">63340</subfield>
    <subfield code="w">2022-12-19</subfield>
    <subfield code="y">BK</subfield>
    <subfield code="z">10.00</subfield>
  </datafield>
</record>
